01486cam a22002891 4500001001300000003000400013005001700017008004100034010001700075035002000092040002100112042001200133050001900145100006000164245042200224260005900646300003800705500001700743500018000760500003700940630003700977630004301014700005301057700005401110740001501164999001701179he 68003336 DLC20260227111505.0880725s1968 is 000 0 heb  ahe 68003336  a(OCoLC)18264719 aDLCcCUdCUdDLC apremarc00aBM506.B63bA330 aShemuʼel ben Yehoshuʻa Zelig,cmi-Dolhinoṿ,d-1858.10aMinḥat Shemuʼel ...bʻal masekhet Berakhotc[ʻaśiti Shemuʼel BAA. Yehoshuaʻ ha-mekhuneh Zelig mi-Dalhinaṿ] u-vet Natan [shinui nusḥaʼot be-masekhet Berakhot me-Talmud Bavli, ʻal pi KY. Ḳadmon. Ṿe-hosafti ʻalaṿ nofekh mishle le-haʻir ʻal kol ha-devarim ha-temuhim. Uve-sofo pisḳe Rabenu Yeshaʻyahu mi-Ṭrani ha-rishon ʻal masekhet zo. ha-Meʼasef ṿeha-meʼir Naḥman Natan Ḳoronel] a[Yerushalayim,ble-haśig: A. ṿe-Z. Shapira,c1968] a3 v. in 1 (100 p., 40 l.)c31 cm. aCover title. aEach v. has special t. p. including original imprints: v. 1-2, Ṿilna, bi-defus Man; ṿe-R. Śimḥah Zimel, 602 [1841 or 2]; v. 3, Wien, Gedruckt bei A. della Torre, 1854. aVol. 3 has added t. p. in Latin.00aTalmud.pBerakhotxCommentaries.00aTalmud.pBerakhotxCriticism, Textual.0 aIsaiah ben Mali,cdi Trani,dapproximately 1200-1 aCoronel, Naḥman Nathan,d1810-1890.tBet Natan.0 aBet Natan. c33857d33857